| 000 | 01050cam a2200229 4500 | ||
|---|---|---|---|
| 001 | ABS62740 | ||
| 008 | 000000n2000 000 0 eng u | ||
| 035 | _a(Sirsi) u107855 | ||
| 100 | _aMurray, K. | ||
| 245 | 4 | _aThe appeal of going Dutch | |
| 260 | _c2000 | ||
| 490 |
_aHousing Today _v(195) 3 August 2000, 14-15(2) |
||
| 520 | _aLooks at the 'Delft Model' for dealing with housing allocations and considers whether it would work in the UK. The model works on the simple premise that vacant local authority housing is advertised in free newspapers rather than people going on a waiting list. In Holland, this system reduced the waiting list by two thirds as it showed that many people on the waiting list no longer wanted a property. It also allowed applicants more choice in the home they were allocated. | ||
| 590 | _aABS | ||
| 650 | _aNETHERLANDS | ||
| 650 | _aDELFT MODEL | ||
| 650 | _aSOCIAL HOUSING | ||
| 650 | _aHOUSING ALLOCATIONS | ||
| 650 | _aREGISTERED SOCIAL LANDLORDS | ||
| 690 |
_aAffordable housing _96215 |
||
| 942 | _n0 | ||
| 999 |
_c64428 _d64428 |
||